| 000 | 00435nam a2200133 a 4500 | ||
|---|---|---|---|
| 008 | 120416s1970 xx |||||||||||||| || u | ||
| 050 | _aNA 2800 Law | ||
| 100 | _aLawrence, Anita B | ||
| 245 | 1 | 0 | _aArchitectural acoustics |
| 260 | _c1970 | ||
| 300 | _a: ill. | ||
| 350 | _a0.00 | ||
| 995 |
_D0.00 _FCBU-MAIN LIBRARY (Kitwe) _H1 _I35.00 _UAVAILABLE _ZMain Library Open Access Collection |
||
| 999 |
_c34733 _d34733 |
||